| 000 | 00736nam0a2200241 4500 | ||
|---|---|---|---|
| 001 | RU\NLR\BIBL_A\012791778 | ||
| 005 | 20260405095050.0 | ||
| 035 | _a(NLR Aleph) 012791778 | ||
| 090 |
_a13309224 _c13309224 |
||
| 100 | _a20220518a1972 |||y0rusy50 ca | ||
| 101 | 0 | _akaa | |
| 102 | _aRU | ||
| 105 | _aa z 000 y | ||
| 200 | 1 |
_aКосыклар _fАлексей Сурков |
|
| 210 |
_aБасбасы _d1972 |
||
| 215 |
_a86,[2] с. _d14 |
||
| 541 | 1 |
_6z01790 _aСтихи _zrus |
|
| 686 | 1 | _aШ6(2=Кара-К.) | |
| 790 | 1 |
_4220 _8rus _7ca _aСурков _bА.А. _gАлексей Александрович _f1899-1983 _3RU\NLR\AUTH\7735614 _918611 |
|
| 852 |
_aNLR _bОНЛ _jКара-К./1-213 |
||
| 942 | _cBOOK | ||
| 980 | _aNB | ||